Представление документа в формате RUSMARC

ПолеНазваниеЗначение
  Тип записи c
  Библиографический уровень m
001 Контрольный номер RU/IS/BASE/467398531
005 Дата корректировки 20251210090430.3
010 Индекс ISBN __
9 Тираж 18730 экз.
013 Номер (ISMN) __
d Цена 50 к.
071 Издательские номер (звукозапись и ноты) 21
a Номер, присвоенный агентством 7473
100 Данные общей обработки __
a Данные общей обработки 20141023d1986 u y0rusy0189||||ca
101 Язык документа 0_
a Язык текста rus
f Язык титульного листа rus
102 Страна публикации __
a Страна публикации RU
105 Кодированные данные (монография) __
a Кодированные данные (монография) y###||||000|y
125 Кодированные данные звукозаписи и нотных изданий __
a Форма изложения нотного текста с|
128 Кодированные данные (звукозаписи-физические характеристики) __
a Кодированные данные: Музыкальная форма и тональность или лад zz
c Инструменты или голоса, рекомендуемые для солистов (устаревшее) kt||
200 Заглавие и сведения об ответственности 1_
a Заглавие Вып. 55
e Сведения, относящиеся к заглавию пьесы для 3-5 кл.
f Первые сведения об ответственности сост. А. Гуськов и В. Грачев
210 Выходные данные 1_
d Дата издания 1986
215 Физическое описание __
a Объем 31 c.
327 Примечание о содержании 11
a Примечание о содержании Содерж. : Кравченко Б. Обелиск. - Голубев Е. Хорал. - Беркович И. Вальс. - Горлов Н. Лирическая пьеса. - Лнденев Р. Солнце и вода. - Дьяченко В. Оловянный солдатик. - Бухвостов В. За рекой. - Иванов В. Характерный танец. - Павин С. Задумчивый напев. - Голубятников В. Рассказ старого боцмана. - Гурилев А. Полька-мазурка. - Глинка М. Андалузский танец. - Чайковский П. Экосез из оперы "Евгений Онегин". - Гречанинов А. Какое прекрасное утро. - Моцарт В. Легкая сонатина : ч. 1. - Кригер И. Бурре. - Шуберт Ф. Немецкий танец. - Гуно Ш. Марш из оперы "Фауст". - Григ Э. Колыбельная. - На горе стоит верба : рус. нар. песня ; Пастушка : чеш. нар. песня / обработки А. Гуськова. - Налетiли журавлi : укр. нар. песня / обраб. Г. Шахова. - Козочка : белорус. нар. песня / обраб. Ф. Бушуева. - Хоровод : болг. нар. танец / обраб. В. Грачева.
461 Уровень набора _0
1 001RU/УОНБ/EK_N/458142235
1 200
a Баян в музыкальной школе
b [Ноты]
v Вып. 55
1 210
a М.
c Советский композитор
d 1969 -
464 Аналитический уровень _0
1 2001
a Обелиск
1 700 1
a Кравченко
b Б.
464 Аналитический уровень _0
1 2001
a Хорал
1 700 1
a Голубев
b Е.
464 Аналитический уровень _0
1 2001
a Вальс
1 700 1
a Беркович
b И.
464 Аналитический уровень _0
1 2001
a Лирическая пьеса
1 700 1
a Горлов
b Н.
464 Аналитический уровень _0
1 2001
a Солнце и вода
1 700 1
a Леденев
b Р.
464 Аналитический уровень _0
1 2001
a Оловянный солдатик
1 700 1
a Дьяченко
b В.
464 Аналитический уровень _0
1 2001
a За рекой
1 700 1
a Бухвостов
b В.
464 Аналитический уровень _0
1 2001
a Характерный танец
1 700 1
a Иванов
b В.
464 Аналитический уровень _0
1 2001
a Задумчивый напев
1 700 1
a Павин
b С.
464 Аналитический уровень _0
1 2001
a Рассказ старого боцмана
1 700 1
a Голубятников
b В.
464 Аналитический уровень _0
1 2001
a Полька-мазурка
1 700 1
a Гурилев
b А.
464 Аналитический уровень _0
1 2001
a Андалузский танец
1 700 1
a Глинка
b М.
464 Аналитический уровень _0
1 2001
a Экосез из оперы "Евгений Онегин"
1 700 1
a Чайковский
b П.
1 50010
a Евгений Онегин
464 Аналитический уровень _0
1 2001
a Какое прекрасное утро
1 700 1
a Гречанинов
b А.
464 Аналитический уровень _0
1 2001
a Легкая сонатина
e ч. 1
1 700 1
a Моцарт
b В.
464 Аналитический уровень _0
1 2001
a Бурре
1 700 1
a Кригер
b И.
464 Аналитический уровень _0
1 2001
a Немецкий танец
1 700 1
a Шуберт
b Ф.
464 Аналитический уровень _0
1 2001
a Марш из оперы "Фауст"
1 700 1
a Гуно
b Ш.
1 50010
a Фауст
464 Аналитический уровень _0
1 2001
a Колыбельная
1 700 1
a Григ
b Э.
464 Аналитический уровень _0
1 2001
a На горе стоит верба
e рус. нар. песня
1 702 1
a Гуськов
b А.
4 030
464 Аналитический уровень _0
1 2001
a Пастушка
e чеш. нар. песня
1 702 1
a Гуськов
b А.
4 030
464 Аналитический уровень _0
1 2001
a Налетiли журавлi
e укр. нар. песня
1 702 1
a Шахов
b Г.
4 030
464 Аналитический уровень _0
1 2001
a Козочка
e белорус. нар. песня
1 702 1
a Бушуев
b Ф.
4 030
464 Аналитический уровень _0
1 2001
a Хоровод
e болг. нар. танец
1 702 1
a Грачев
b В.
4 030
512 Заглавие обложки 1_
a Заглавие обложки Баян в музыкальной школе
606 Тематические рубрики 0_
a Основная рубрика Баян
x Основная подрубрика Педагогический репертуар ДМШ
610 Ключевые слова 0_
a Ключевые слова баян
610 Ключевые слова 0_
a Ключевые слова педагогический репертуар ДМШ
686 Индексы других классификаций __
a Классификационный индекс 85.954.698я43
2 Код системы rubbk
702 Вторичная интеллектуальная ответственность _1
a Фамилия Гуськов
b Имя (инициалы) А.
4 Код отношения 220
702 Вторичная интеллектуальная ответственность _0
a Фамилия Грачев
b Имя (инициалы) В.
4 Код отношения 220
801 Источник записи _0
a Страна RU
b Организация Ульяновская ОНБ
c Дата составления 20141023
g Правила каталогизации RCR
801 Источник записи _1
a Страна RU
b Организация IS
c Дата составления 20141023
g Правила каталогизации RCR
901 Тип документа __
t Тип документа n
w Контрольный № источника RU/УОНБ/EK_N/458142235
909 Создатель записи __
a Создатель записи Никитина Т. А.
910 Корректоры записи __
a Корректор записи Васина
938 Служебная информация __
a Имя БД noti
b Имя библиотеки УОНБ
c Имя АИБС МАРК-SQL
d Номер DOC_ID в БД 12590